Top 30 : Lorde - Statistiques

Statistiques générales
  • Ce quiz a été pris 22 fois
  • Le résultat moyen est 15 sur 30
Statistiques - réponses
Top Titres Featuring % Correct
6 Supercut
95%
4 Green Light
89%
12 Girl, so confusing Charli xcx
84%
3 Ribs
84%
1 Royals
84%
23 What Was That
74%
5 Liability
68%
16 Solar Power
68%
7 Tennis Court
68%
25 Sober
63%
2 Team
63%
17 The Louvre
63%
22 A World Alone
58%
8 Buzzcut Season
58%
20 Homemade Dynamite
47%
9 Homemade Dynamite - REMIX Khalid, Post Malone, SZA
47%
10 Perfect Places
47%
30 Sober II (Melodrama)
47%
24 Hard Feelings/Loveless
42%
19 Writer In The Dark
42%
18 400 Lux
37%
15 Glory And Gore
37%
29 Mood Ring
37%
27 Stoned at the Nail Salon
32%
13 The Love Club
26%
26 White Teeth Teens
26%
11 Magnets Disclosure
21%
21 Yellow Flicker Beat
16%
28 Bravado
11%
14 Everybody Wants To Rule The World
5%
Aucun quiz correspondant
Distribution des résultats
% des personnes avec chaque résultat
Percentile par nombre de réponses
Votre historique - résultats
Vous n’avez pas pris ce quiz